000 00666cam a2200193 i 4500
020 _a0138463522
082 0 0 _a624.1821
_bKUZ
_cL-20, P-17
100 1 _aKuzmanović, Bogdan O.,
_936538
245 1 0 _aSteel design for structural engineers /
_cBogdan O. Kuzmanović, Nicholas Willems.
260 _aEnglewood Cliffs, N.J. :
_bPrentice-Hall,
_cc1977.
300 _axvi, 509 p. :
_bill. ;
_c24 cm.
490 0 _aCivil engineering and engineering mechanics series
526 _a0
_b0
_c0
_d624_182100000000000_KUZ
650 0 _aBuilding, Iron and steel.
650 0 _aMCE
_9379
650 0 _aSteel, Structural.
700 1 _aWillems, Nicholas,
_936539
942 _2ddc
_cBK
999 _c546783
_d546783